| 000 -LEADER | |
|---|---|
| fixed length control field | 00368nam a22001577a 4500 |
| 005 - DATE AND TIME OF LATEST TRANSACTION | |
| control field | 20160701110935.0 |
| 008 - FIXED-LENGTH DATA ELEMENTS--GENERAL INFORMATION | |
| fixed length control field | 160701b xxu||||| |||| 00| 0 eng d |
| 041 ## - LANGUAGE CODE | |
| Language code of text/sound track or separate title | eng |
| 082 ## - DEWEY DECIMAL CLASSIFICATION NUMBER | |
| Item number | 20275 |
| 100 ## - MAIN ENTRY--AUTHOR NAME | |
| Personal name | Ghatak S |
| 245 ## - TITLE STATEMENT | |
| Title | Mine surveying & leveling |
| 260 ## - PUBLICATION, DISTRIBUTION, ETC. (IMPRINT) | |
| Name of publisher | Coalfield Publication |
| 300 ## - PHYSICAL DESCRIPTION | |
| Number of Pages | 317 |
| 650 ## - SUBJECT ADDED ENTRY--TOPICAL TERM | |
| Topical Term | Diploma Engineering |
| 942 ## - ADDED ENTRY ELEMENTS (KOHA) | |
| Koha item type | Books |
| Lost status | Damaged status | Home library | Date acquired | Cost, normal purchase price | Full call number | Accession Number | Koha item type | Collection code | Current library | Shelving location |
|---|---|---|---|---|---|---|---|---|---|---|
| JRU Library | 01/07/2016 | 325.00 | 20275 | 20275 | Books | |||||
| JRU Library | 01/07/2016 | 325.00 | 20275 | 20276 | Books | MINING | JRU Library | SHELF-88-C | ||
| JRU Library | 01/07/2016 | 325.00 | 20275 | 20277 | Books | MINING | JRU Library | SHELF-59-D | ||
| JRU Library | 01/07/2016 | 325.00 | 20275 | 20278 | Books | MINING | JRU Library | SHELF-88-C | ||
| JRU Library | 01/07/2016 | 325.00 | 20275 | 20279 | Books | SHELF-88-C |